| 000 | 01884cam a2200157 4500500 | ||
|---|---|---|---|
| 005 | 20260222001457.0 | ||
| 041 | _afre | ||
| 042 | _adc | ||
| 100 | 1 | 0 |
_aAristote _eauthor |
| 700 | 1 | 0 |
_aFederspiel, Michel _eauthor |
| 700 | 1 | 0 |
_aGysembergh, Victor _eauthor |
| 245 | 0 | 0 | _aDu Ciel |
| 260 |
_bLes Belles lettres,
_c2017. |
||
| 520 | _aLe traité Du ciel est l‘un des plus importants traités de cosmologie que nous a transmis l'Antiquité. Aristote y livre une physique générale du domaine où se trouvent les astres, et s'emploie à montrer que l'univers obéit à des lois physiques et structurelles qui ont un caractère nécessaire et dans lequel les données de l'expérience n'ont que peu d‘importance. Ce traité a connu une influence exceptionnelle : c'est en partant de ce modèle de l'univers que Ptolémée constituera son système géocentrique, schéma qui ne sera remis en question qu'avec les découvertes de Copernic. La cosmologie d'Aristote a ainsi servi de base à un système qui traversa près de deux millénaires. Michel Federspiel (1941—2013) enseignait le grec à l'Université de Clermont—Ferrand. Il était traducteur de textes scientifiques et techniques (Apollonius de Perge, Eutocius d'Ascalon, avec M. Decorps-Foulquier), spécialiste de la langue des mathématiques grecques, et a exploré en particulier des corpus techniques à la tradition méconnue. Il traduisit en 1969 l'ouvrage d'Árpád Szabó, Les débuts des mathématiques grecques. Victor Gysembergh est docteur de l'Université de Reims et actuellement boursier de la Fondation Humboldt. Il a publié avec W. Furley un ouvrage sur l'extispicine et co-édité un volume sur les rapports entre sciences et philosophie. Il prépare l'éditio d 'Eudoxe de Cnide pour la C.U.F. | ||
| 856 | 4 | 1 | _uhttps://shs.cairn.info/du-ciel--9782251446363?lang=fr&redirect-ssocas=7080 |
| 999 |
_c1664469 _d1664469 |
||